Aprendizaje de la matemática en el ciclo medio / (Record no. 4027)

MARC details
000 -CABECERA
campo de control de longitud fija 00609nam a2200205 a 4500
005 - FECHA Y HORA DE LA ÚLTIMA TRANSACCIÓN
campo de control 20230524063632.0
008 - ELEMENTOS DE LONGITUD FIJA--INFORMACIÓN GENERAL
campo de control de longitud fija 991125s1984 es 000 0 spa u
020 ## - NÚMERO INTERNACIONAL NORMALIZADO PARA LIBROS
Número Internacional Estándar del Libro 8427705433
035 ## - NÚMERO DE CONTROL DEL SISTEMA
Número de control de sistema UPN01000004027
049 ## - COLECCIÓN
Colección LT
050 #4 - SIGNATURA TOPOGRÁFICA DE LA BIBLIOTECA DEL CONGRESO
Número de clasificación LB1589 E7
Número de documento/Ítem C4.2 1984 AU
100 1# - ASIENTO PRINCIPAL--NOMBRE PERSONAL
Nombre de persona Cela, Pilar
245 10 - MENCIÓN DE TÍTULO
Título Aprendizaje de la matemática en el ciclo medio /
Mención de responsabilidad, etc. Pilar Cela y Teresa Cabello.
260 ## - PUBLICACIÓN, DISTRIBUCIÓN, ETC.
Lugar de publicación, distribución, etc. Madrid :
Nombre del editor, distribuidor, etc. Narcea,
Fecha de publicación, distribución, etc. 1984.
300 ## - DESCRIPCIÓN FÍSICA
Extensión 131 p.
440 #0 - MENCIÓN DE SERIE/ASIENTO SECUNDARIO--TÍTULO
Título Proyecto ciclo medio
650 #4 - ASIENTO SECUNDARIO DE MATERIA - TERMINO TEMATICO
Término de materia o nombre geográfico como elemento de entrada Matemáticas
Subdivisión general Estudio y enseñanza (Elemental)
9 (RLIN) 2809
700 1# - ASIENTO SECUNDARIO--NOMBRE DE PERSONAL
Nombre de persona Cabello, Teresa,
Término indicativo de función/relación coaut.
905 ## - TIPO DE MATERIAL
Tipo de material Libro
Holdings
Estado de retiro Estado de pérdida Fuente del sistema de clasificación o colocación Estado dañado No para préstamo Código de colección Localización permanente Ubicación/localización actual Ubicación en estantería Fecha de adquisición Clasificación Código de barras Fecha visto por última vez Número de copia Tipo de ítem Koha
    Library of Congress Classification   Disponible (Préstamo en sala) Libros de texto Bib. Gregorio Torres Quintero Bib. Gregorio Torres Quintero Colecciones especiales Planta alta 25/05/2023 LB1589 E7 C4.2 1984 88135 31/12/2020 1 Libro
    Library of Congress Classification   Disponible (Préstamo en sala) Libros de texto Bib. Gregorio Torres Quintero Bib. Gregorio Torres Quintero Colecciones especiales Planta alta 25/05/2023 LB1589 E7 C4.2 1984 88134 31/12/2020 1 Libro
    Library of Congress Classification   Disponible (Préstamo en sala) Libros de texto Bib. Gregorio Torres Quintero Bib. Gregorio Torres Quintero Colecciones especiales Planta alta 25/05/2023 LB1589 E7 C4.2 1984 88133 31/12/2020 1 Libro